000 00687nam a2200205Ia 4500
003 GCL
008 140319s9999 xx 000 0 ara d
040 _aGCL /
_cGCL
082 0 4 _a001.5
_bن ا
100 1 _aنوال محمد عمر
245 1 0 _aالاذاعات الاقليمية :
_bدراسة نظرية تطبيقية مقارنة /
_cنوال محمد عمر
260 _aالقاهرة :
_bدار الفكر العربى ،
_c1993
300 _a283 ص ؛
_c24 سم
650 0 4 _aالاعلام
650 0 4 _aالاذاعة
650 0 4 _aالاعلام الاقليمى
650 0 4 _aالاذاعة - برامج
650 0 4 _aالاذاعة - مصر
942 _2ddc
_cBK
999 _c51833
_d51833